000 00535nam a2200217Ia 4500
003 OSt
005 20230227115048.0
008 210210b2001 xxu||||| |||| 00| 0 eng d
020 _a81 7288 162 2
040 _cAL
041 _aEnglish
082 _a657.46 MEHI
100 _aMEHROTRA (H C)
_973433
245 _aIncome tax law and accounts: assessment year 2001-2002
250 _a38
260 _aAgra.
_bSahitya Bhavan
_c2001
300 _a10,771,ii
690 _aIncome Tax
_973434
906 _a056781
942 _2ddc
_cBK
999 _c104152
_d104152